000 01599nam a2200241 4500
005 20160401085823.0
008 160304s1919 ck ||||fr|||| 00| 0dspa d
040 _aCO-BoUCM
_bspa
_cSandra Yazo
_dSandra Yazo
041 0 _aspa
082 0 4 _220
_a986,1542
092 _aE38N091
100 1 _975997
_aRestrepo Saenz, José María
245 1 0 _aNeiva en la independencia
_cJosé María Restrepo Saenz
260 _aBogotá (Colombia)
_bCasa editorial de La cruzada
_c1919
300 _a175 páginas
_c24 x 16 cm.
500 _aDetalles físicos: Encuadernación flexible en cartulina. Tapa delantera con datos de publicación impresos, enmarcado en recuadro y un adorno decorativo. Portada impresa en una sola tinta. Texto impreso en una sola columna. Notas al pie de página. Papel con manchas. Residuos de cinta pegante en tapas
505 1 _aDos palabras ; Neiva en la independencia ; Noticias Biográficas: José Joaquín Chacón ; Jose Antonio Falla ; Jose Hermida ; Jose Antonio de la Bárcenas ; Joaquín Borrero ; Luis José García ; Manuel Campos ; Carlos Agustín Quintero ; Ignacio Durán ; José María Lombana ; José Antonio Barreiro ; Pedro Iriarte ; Ignacio Navarro ; Miguel Avila ; José Joaquín Cardoso ; Bonifacio Manrique ; Manuel Longas ; Manuel Quintero ; Andrés Ordoñez y Cifuentes ; José Antonio Rueda ; Pedro José María Borda
506 _aConsulta en sala
650 7 _921395
_aPersonajes
_zNeiva (Colombia)
651 4 _aNeiva (Colombia)
_xHistoria
_y1810-1816
_975998
690 _aHistoria de Colombia
_926508
942 _2LOCAL
_cLIBRO
_e1
_hE38N091
999 _c302896
_d302896